<?xml version="1.0" encoding="UTF-8"?><?xml-stylesheet type="text/xsl" href="static/style.xsl"?><OAI-PMH xmlns="http://www.openarchives.org/OAI/2.0/" xmlns:xsi="http://www.w3.org/2001/XMLSchema-instance" xsi:schemaLocation="http://www.openarchives.org/OAI/2.0/ http://www.openarchives.org/OAI/2.0/OAI-PMH.xsd"><responseDate>2026-04-17T13:54:51Z</responseDate><request verb="GetRecord" identifier="oai:www.recercat.cat:10459.1/467360" metadataPrefix="marc">https://recercat.cat/oai/request</request><GetRecord><record><header><identifier>oai:recercat.cat:10459.1/467360</identifier><datestamp>2025-09-15T19:00:33Z</datestamp><setSpec>com_2072_3622</setSpec><setSpec>col_2072_479130</setSpec></header><metadata><record xmlns="http://www.loc.gov/MARC21/slim" xmlns:dcterms="http://purl.org/dc/terms/" xmlns:xsi="http://www.w3.org/2001/XMLSchema-instance" xmlns:doc="http://www.lyncode.com/xoai" xsi:schemaLocation="http://www.loc.gov/MARC21/slim http://www.loc.gov/standards/marcxml/schema/MARC21slim.xsd">
   <leader>00925njm 22002777a 4500</leader>
   <datafield ind2=" " ind1=" " tag="042">
      <subfield code="a">dc</subfield>
   </datafield>
   <datafield ind2=" " ind1=" " tag="720">
      <subfield code="a">Chemisana Villegas, Daniel</subfield>
      <subfield code="e">author</subfield>
   </datafield>
   <datafield ind2=" " ind1=" " tag="720">
      <subfield code="a">Rosell Urrutia, Joan Ignasi</subfield>
      <subfield code="e">author</subfield>
   </datafield>
   <datafield ind2=" " ind1=" " tag="260">
      <subfield code="c">2013</subfield>
   </datafield>
   <datafield ind2=" " ind1=" " tag="520">
      <subfield code="a">Linear solar concentrators focus radiation onto the solar cell achieving a Gaussian illumination profile. Most of these concentrators use an active cooling system to evacuate the energy not converted into electricity to avoid undesirable overheating. Heat sinks can cause different temperature profiles in the cell depending on the cooling mechanism. Two temperature patterns are most common: the Gaussian and the anti-Gaussian. The effect of these temperature curves on the cell's electrical parameters has been analysed and characterised numerically and experimentally under different concentrated radiations. A power output increase is shown when the cell is subjected to a Gaussian temperature profile. Contrarily, the cell efficiency decreases more than 3% under the anti-Gaussian temperature profile. It is demonstrated that it is possible to tailor the temperature profile to maximise voltage output for determined illumination conditions.</subfield>
   </datafield>
   <datafield ind2=" " ind1=" " tag="520">
      <subfield code="a">The authors would like to acknowledge funding by the MCYT (ENE2007-65410).</subfield>
   </datafield>
   <datafield tag="653" ind2=" " ind1=" ">
      <subfield code="a">Solar cells</subfield>
   </datafield>
   <datafield tag="653" ind2=" " ind1=" ">
      <subfield code="a">Concentrated photovoltaics</subfield>
   </datafield>
   <datafield tag="653" ind2=" " ind1=" ">
      <subfield code="a">Finite elements model</subfield>
   </datafield>
   <datafield ind2="0" ind1="0" tag="245">
      <subfield code="a">Electrical performance increase of concentrator solar cells under Gaussian temperature profiles</subfield>
   </datafield>
</record></metadata></record></GetRecord></OAI-PMH>